| 000 | 00835cam a22002174a 4500 | ||
|---|---|---|---|
| 005 | 20250605164248.0 | ||
| 008 | 250528s ||||||||||||||||||||||||d | ||
| 035 | _a21638 | ||
| 020 | _a9780131298583 | ||
| 040 |
_aGR-AtMCL _bgre _dGR-AtMCL _eAACR2 |
||
| 245 | 1 | _aORGANIZATIONAL BEHAVIOR | |
| 250 | _a11 | ||
| 260 |
_bPrentice Hall, _c2005 |
||
| 300 | _a649 | ||
| 505 | 0 | _aWHAT IS ORGANIZATIONAL BEHAVIOR? FOUNDATIONS OF INDIVIDUAL BEHAVIOR VALUES, ATTITUDES AND JOB SATISFACTION PERSONALITY AND EMOTIONS PERCEPTION AND INDIVIDUAL DECISION MAKING | |
| 520 | _aWHAT IS ORGANIZATIONAL BEHAVIOR? FOUNDATIONS OF INDIVIDUAL BEHAVIOR VALUES, ATTITUDES AND JOB SATISFACTION PERSONALITY AND EMOTIONS PERCEPTION AND INDIVIDUAL DECISION MAKING | ||
| 700 | 1 |
_aRobbins Stephen P _91079 |
|
| 942 | _cBK | ||
| 999 |
_c6699 _d6699 |
||